| 000 | 01708nam a2200265 a 4500 | ||
|---|---|---|---|
| 005 | 20140310183526.0 | ||
| 008 | 111013s19uu xx 00 eng d | ||
| 010 | _a2008047112 | ||
| 020 | _a9781609130046 | ||
| 050 |
_aRT 81.5 _b.P63 2010 |
||
| 100 | _aPolit, Denise F. | ||
| 245 |
_aEssentials of nursing research : _bappraising evidence for nursing practice / _cDenise F. Polit, Cheryl Tatano Beck. |
||
| 250 | _a7th ed. | ||
| 260 |
_aPhiladelphia : _bWolters Kluwer Health/Lippincott Williams & Wilkins, _c2010. |
||
| 300 |
_axiv, 610 p. : _bcol. ill. ; _c 24 cm. |
||
| 500 | _aIncludes bibliographical references and index. | ||
| 520 | _aContents: Introduction to nursing research in an evidence-based practice environment -- Evidence-based nursing practice : fundamentals -- Key concepts and steps in qualitative and quantitative research -- Reading and critiquing research reports -- Ethics in research -- Research problems, research questions, and hypotheses -- Literature reviews : finding and reviewing research evidence -- Theoretical and conceptual frameworks -- Quantitative research designs -- Qualitative designs and approaches -- Specific types of research -- Sampling plans -- Data collection methods -- Measurement and data quality -- Statistical analysis of quantitative data -- Rigor and interpretation in quantitative research -- Analysis of qualitative data -- Trustworthiness and integrity in qualitative research -- Systematic reviews : meta-analysis and metasynthesis. | ||
| 521 | _aNUR | ||
| 650 |
_aNursing _xResearch |
||
| 650 | _aNursing Research | ||
| 650 | _aEvidence-Based Nursing | ||
| 700 | _aBeck, Cheryl Tatano | ||
| 942 |
_cBK _2lcc _kFOR |
||
| 999 |
_c24521 _d24521 |
||